Zeitschrift für philosophische Forschung (Titelsatznr. 32840)
[ MARC ]
| 000 -Satzkennung | |
|---|---|
| Kontrollfeld mit fester Länge | 00616nas a22001931c 4500 |
| 001 - Kontrollnummer | |
| Kontrollfeld | zs0114 |
| 008 - Feld mit fester Länge zur physischen Beschreibung - Allgemeine Angaben | |
| Kontrollfeld mit fester Länge | 161122m1.19 gw |||| 000u ger d |
| 022 ## - Internationale Standardseriennummer | |
| Internationale Standardseriennummer | 0044-3301* |
| 040 ## - Katalogisierungsquelle | |
| Übertragungsstelle | RU-10907106 |
| 003 - Kontrollnummer Identifier | |
| Kontrollfeld | RU-10907106 |
| 245 00 - Titel | |
| Titel | Zeitschrift für philosophische Forschung |
| 264 ## - Produktion, Veröffentlichung, Distribution, Herstellung und Urheberrechtsvermerk | |
| Herstellungs-, Veröffentlichungs- Vertriebs-, Erzeugungsort | Frankfurt : |
| Produzent, Herausgeber, Distributor, Hersteller | Klostermann, |
| Datum der Herstellung, der Veröffentlichung, des Vertriebs oder des Urheberschutzvermerks | 1.1947- |
| 500 ## - Allgemeine Fußnote | |
| Allgemeine Fußnote | nicht frei zugänglich. Zugriff nur im DHI-Lesesaal |
| 650 #0 - Nebeneintragung unter einem Schlagwort - Sachschlagwort | |
| Sachschlagwort oder geografischer Name als Eintragungselement | Philosophie |
| 856 4# - Elektronische Adresse und Zugriff | |
| URL | <a href="http://www.digizeitschriften.de/dms/toc/?PID=PPN511864582">http://www.digizeitschriften.de/dms/toc/?PID=PPN511864582</a> |
| 856 4# - Elektronische Adresse und Zugriff | |
| URL | <a href="http://www.jstor.org/journal/zeitphilfors">http://www.jstor.org/journal/zeitphilfors</a> |
| 942 ## - Zusätzliche Felder (Koha) | |
| Koha-Medientyp | Zeitschriften |
| 910 00 - USER-OPTION DATA (OCLC) | |
| User-option data | 1.1947-nicht die letzten 7 Jahrgänge |
| Ausgeschieden | Verloren | Beschädigt | Nicht entleihbar | Heimatbibliothek | Aufenthaltsbibliothek | Aufstellungsort | Erwerbungsdatum | Heft/Jahrgang | Inventarnummer | Signatur | Barcode | Letzte Aktivität | Preis gültig von | Koha-Medientyp |
|---|---|---|---|---|---|---|---|---|---|---|---|---|---|---|
| MWN Osteuropa | MWN Osteuropa | Online-Ressource | 22/11/2016 | 1.1947-nicht die letzten 7 Jahrgänge | Online02 | ZS-Online02 | 32844 | 18/03/2021 | 22/03/2021 | Zeitschriften |